000 00554nam a2200193Ia 4500
005 20230227093231.0
008 131103s9999 xx 000 0 und d
040 _aLoreto College
041 _aEnglish
082 _a821.08
_bCOU
245 4 _aThe Oxford book of ballads
_cchosen & edited by Arthur Quiller-Couch
260 _aOxford
_bClarendon Press
_c1955
300 _axxiii,871p.
504 _aIncludes index of first lines
650 _aEnglish Poetry - Collections
700 _aQuiller-Couch, Arthur, ed.
850 _aLCLIB
942 _cBK
999 _c13029
_d63508